Catálogo
 En Linea

Simbología patriótica de la República Dominicana / (Registro nro. 51871)

Detalles MARC
000 -CABECERA
campo de control de longitud fija 02216nam a2200337 i 4500
003 - IDENTIFICADOR DEL NÚMERO DE CONTROL
campo de control DO-SdBNP
005 - FECHA Y HORA DE LA ÚLTIMA TRANSACCIÓN
campo de control 20250917143218.0
007 - CAMPO FIJO DE DESCRIPCIÓN FÍSICA--INFORMACIÓN GENERAL
campo de control de longitud fija ta
008 - DATOS DE LONGITUD FIJA--INFORMACIÓN GENERAL
campo de control de longitud fija 220601b2021 dr ag||| |||| 00| 0 spa d
020 ## - NÚMERO INTERNACIONAL ESTÁNDAR DEL LIBRO
Número Internacional Estándar del Libro 9789945931129
040 ## - FUENTE DE LA CATALOGACIÓN
Centro catalogador/agencia de origen DO-SdBNP
Lengua de catalogación spa
Centro/agencia transcriptor BNPHU
Normas de descripción rda
041 ## - CÓDIGO DE LENGUA
Código de lengua del texto/banda sonora o título independiente spa
082 #4 - NÚMERO DE LA CLASIFICACIÓN DECIMAL DEWEY
Número de clasificación 929.6097293
Número de documento/Ítem G633s 2021
Número de edición 22
100 1# - ENTRADA PRINCIPAL--NOMBRE DE PERSONA
Nombre de persona Gómez, Wilson,
Término indicativo de función/relación autor
Código de función/relación aut.
9 (RLIN) 8532
245 10 - MENCIÓN DE TÍTULO
Título Simbología patriótica de la República Dominicana /
Mención de responsabilidad, etc. Wilson S. Gómez Ramírez ; prólogo, José Joaquín Pérez Saviñón.
250 ## - MENCIÓN DE EDICIÓN
Mención de edición Tercera edición
264 #1 - PRODUCCIÓN, PUBLICACIÓN, DISTRIBUCIÓN, FABRICACIÓN Y COPYRIGHT
Producción, publicación, distribución, fabricación y copyright Santo Domingo, República Dominicana :
Nombre del de productor, editor, distribuidor, fabricante Instituto Duartiano,
Fecha de producción, publicación, distribución, fabricación o copyright 2021.
300 ## - DESCRIPCIÓN FÍSICA
Extensión 226 páginas :
Otras características físicas ilustraciones, música ;
Dimensiones 23 cm.
336 ## - TIPO DE CONTENIDO
Término de tipo de contenido texto
Código de tipo de contenido txt
Fuente rdacontent
337 ## - TIPO DE MEDIO
Nombre/término del tipo de medio sin mediación
Código del tipo de medio n
Fuente rdamedia
338 ## - TIPO DE SOPORTE
Nombre/término del tipo de soporte volumen
Código del tipo de soporte nc
Fuente rdacarrier
504 ## - NOTA DE BIBLIOGRAFÍA, ETC.
Nota de bibliografía, etc. Bibliografía: páginas 215-218
505 0# - NOTA DE CONTENIDO CON FORMATO
Nota de contenido con formato Prólogo. --
Información miscelánea Capítulo 1
Título Surgimiento de la bandera en el mundo. --
Información miscelánea Capítulo 2
Título Diseño y confección de la bandera nacional dominicana. --
Información miscelánea Capítulo 3
Título Origen del escudo en el mundo. --
Información miscelánea Capítulo 4
Título Diseño y confección del escudo nacional dominicano. --
Información miscelánea Capítulo 5
Título La bandera presidencial. --
Información miscelánea Capítulo 6
Título Los himnos del mundo. --
Información miscelánea Capítulo 7
Título El himno nacional dominicano. --
Información miscelánea Capítulo 8
Título Himnos patrióticos. --
Información miscelánea Anexos 1
Título Biografía del maestro José Reyes. --
Información miscelánea Anexos 2
Título Biografía del maestro Emilio Prud'homme. --
Información miscelánea Anexos 3
Título Ley núm.210-19, de fecha 12 de julio de 2019, que regula el uso de los símbolos patrios de la República Dominicana. --
Información miscelánea Anexo 4
Título Ley No. 193-19 Dispone que las imágenes de los patricios Juan Pablo Duarte, Francisco del Rosario Sánchez y Ramón Matías Mella sean colocadas en todas las instituciones públicas del país. G. O. No. 10945 del 24 de junio de 2019. --
Información miscelánea Anexo 5
Título Escudos y banderas provinciales. --
-- Bibliografía.
590 ## - NOTA LOCAL (RLIN)
Nota local Inventariado, 2022/BT
650 #4 - PUNTO DE ACCESO ADICIONAL DE MATERIA--TÉRMINO DE MATERIA
Término de materia o nombre geográfico como elemento de entrada Emblemas nacionales
Subdivisión geográfica República Dominicana
9 (RLIN) 10404
650 #4 - PUNTO DE ACCESO ADICIONAL DE MATERIA--TÉRMINO DE MATERIA
Término de materia o nombre geográfico como elemento de entrada Banderas
Subdivisión geográfica República Dominicana
9 (RLIN) 55099
650 #4 - PUNTO DE ACCESO ADICIONAL DE MATERIA--TÉRMINO DE MATERIA
Término de materia o nombre geográfico como elemento de entrada Escudos nacionales
Subdivisión geográfica República Dominicana
9 (RLIN) 55100
700 1# - PUNTO DE ACCESO ADICIONAL--NOMBRE DE PERSONA
Nombre de persona Pérez Saviñón, José Joaquín,
Término indicativo de función/relación prologuista
Código de función/relación pr.
9 (RLIN) 55022
910 ## - DATOS DE OPCIÓN DEL USUARIO (OCLC)
Datos de opción del usuario Btavárez. Validado MFF
942 ## - ELEMENTOS DE PUNTO DE ACCESO ADICIONAL (KOHA)
Fuente del sistema de clasificación o colocación Dewey Decimal Classification
Tipo de ítem Koha Libro
Existencias
Estado de retiro Estado de pérdida Fuente del sistema de clasificación o colocación Restricciones de uso No para préstamo Código de colección Localización permanente Ubicación/localización actual Ubicación en estantería Fecha de adquisición Fuente de adquisición Signatura topográfica completa Código de barras Fecha visto por última vez Precio válido a partir de Tipo de ítem Koha Número de copia Nota pública Total de préstamos
    Dewey Decimal Classification Préstamo restringido   Patrimonio Dominicano Biblioteca Nacional Pedro Henríquez Ureña Biblioteca Nacional Pedro Henríquez Ureña Depósito 01.06.2022 Depósito Legal BNPHU PD 929.6097293 G633s 2021 2022-2556 01.06.2022 01.06.2022 Libro      
    Dewey Decimal Classification Préstamo restringido   Patrimonio Dominicano Biblioteca Nacional Pedro Henríquez Ureña Biblioteca Nacional Pedro Henríquez Ureña Depósito 01.06.2022 Depósito Legal BNPHU PD 929.6097293 G633s 2021 2022-2557 01.06.2022 01.06.2022 Libro e.2    
    Dewey Decimal Classification Préstamo en sala   Dominicana de Servicio Biblioteca Nacional Pedro Henríquez Ureña Biblioteca Nacional Pedro Henríquez Ureña Depósito 01.06.2022 Donado por la Presidencia de la República Dominicana 2023. BNPHU DS 929.6097293 G633s 2021 2022-2558 01.06.2022 01.06.2022 Libro e.3 Perteneció a la biblioteca personal de Emilio Cordero Michel.  
    Dewey Decimal Classification Préstamo en sala   Dominicana de Servicio Biblioteca Nacional Pedro Henríquez Ureña Biblioteca Nacional Pedro Henríquez Ureña Depósito 08.04.2022 Donado por el Instituto Duartiano BNPHU DS 929.6097293 G633s 2021 2025-9946 11.09.2025 11.09.2025 Libro e.4    
    Dewey Decimal Classification Préstamo en sala   Dominicana de Servicio Biblioteca Nacional Pedro Henríquez Ureña Biblioteca Nacional Pedro Henríquez Ureña Depósito 08.04.2022 Donado por el Instituto Duartiano BNPHU DS 929.6097293 G633s 2021 2025-9947 11.09.2025 11.09.2025 Libro e.5    

Con tecnología Koha